[Event "Cappelle op 06th"]
[Site "Cappelle la Grande"]
[Date "1990.02.20"]
[Round "4"]
[White "Boutry, Patrick"]
[Black "Whiteley, Andrew Jonathan"]
[Result "0-1"]
[WhiteElo "1940"]
[BlackElo "2340"]
[PlyCount "25"]
[EventDate "1990.02.18"]
[EventType "swiss"]
[EventRounds "9"]
[EventCountry "FRA"]
[SourceTitle "EXT 2004"]
[Source "ChessBase"]
[SourceDate "2003.11.25"]
[SourceVersion "1"]
[SourceVersionDate "2003.11.25"]
[SourceQuality "1"]

1. d4 d5 2. c4 c6 3. Nc3 Nf6 4. Nf3 e6 5. Bg5 dxc4 6. a4 Bb4 7. Bxf6 Qxf6 8. e4 b5 9. Qc2 Bb7 10. b3 c5 11. Rd1 0-0 12. e5 Qf5 13. Qxf5 0-1

[Event "Cappelle op 04th"]
[Site "Cappelle la Grande"]
[Date "1988.02.15"]
[Round "2"]
[White "Boutry, Patrick"]
[Black "Bernei, Andras"]
[Result "1/2-1/2"]
[WhiteElo "1930"]
[BlackElo "2365"]
[PlyCount "56"]
[EventDate "1988.02.14"]
[EventType "swiss"]
[EventRounds "9"]
[EventCountry "FRA"]
[SourceTitle "EXT 2002"]
[Source "ChessBase"]
[SourceDate "2001.11.25"]
[SourceVersion "1"]
[SourceVersionDate "2001.11.25"]
[SourceQuality "1"]

1. d4 Nf6 2. Nf3 e6 3. Bg5 h6 4. Bh4 c5 5. c3 b6 6. e3 Bb7 7. Bd3 Be7 8. 0-0 0-0 9. Nbd2 cxd4 10. cxd4 Nc6 11. Rc1 Nb4 12. Bb1 Ba6 13. Re1 Bd3 14. Qb3 Bxb1 15. Nxb1 Ne4 16. Bxe7 Qxe7 17. Rc4 Nd5 18. Rec1 Nd6 19. R4c2 Rfc8 20. Nbd2 Rxc2 21. Rxc2 Rc8 22. Rxc8+ Nxc8 23. Qc2 Qd8 24. a3 Qc7 25. Qxc7 Nxc7 26. Kf1 Kf8 27. Ke2 Ke7 28. Kd3 d5 1/2-1/2